Read My Mind - The Killers (All Lyrics) - Statistics

General Stats
  • This quiz has been taken 14 times
  • The average score is 177 of 289
Answer Stats
Answer % Correct
a
89%
A
89%
I
89%
"I
89%
mind?
89%
mind
89%
my
89%
read
89%
the
89%
The
89%
You
89%
you
89%
and
78%
it
78%
thing
78%
to
78%
break
67%
Can
67%
go
67%
gonna
67%
got
67%
me
67%
me,
67%
of
67%
On
67%
on
67%
teenage
67%
what
67%
your
67%
around
56%
behind
56%
Chosen
56%
corner
56%
don't
56%
dream,
56%
fall
56%
fallin'
56%
fight
56%
gave
56%
green
56%
He
56%
how
56%
if
56%
in
56%
Just
56%
just
56%
keep
56%
light,
56%
line
56%
little
56%
magic
56%
Main
56%
move
56%
never
56%
no
56%
one
56%
One
56%
out
56%
really
56%
say
56%
shine
56%
shine"
56%
soakin'
56%
spine
56%
Street
56%
this
56%
tryna
56%
turn
56%
up
56%
wanna
56%
are
44%
back
44%
Breakin'
44%
city
44%
dead
44%
down
44%
drop
44%
funny
44%
I'm
44%
It's
44%
kiss
44%
loaded
44%
man
44%
Oh
44%
Put
44%
put
44%
sees
44%
some
44%
stars
44%
subtle
44%
that
44%
wall
44%
With
44%
Before
33%
blazing
33%
broken
33%
'Cause
33%
Cut
33%
diamonds
33%
drawl,
33%
driveway
33%
find
33%
front
33%
good
33%
gun
33%
heart,
33%
honest
33%
Land
33%
like
33%
Promised
33%
pull
33%
queen,
33%
rebel
33%
said,
33%
She
33%
sign
33%
southern
33%
sun
33%
Tell
33%
town
33%
trampoline
33%
two-star
33%
unseen
33%
Waitin'
33%
world
33%
wrist
33%
again
22%
big
22%
breathe
22%
call
22%
days,
22%
door,
22%
fire
22%
let
22%
old
22%
open
22%
restless
22%
returned
22%
sting
22%
trapeze
22%
well,
22%
Woman,
22%
faith
11%
Slippin'
11%
until
11%
jump
0%
No matching quizzes found
Score Distribution
Percent of People with Each Score
Percentile by Number Answered
Your Score History
You have not taken this quiz